| 000 | 01264cam a22003497a 4500 | ||
|---|---|---|---|
| 003 | CHAP | ||
| 005 | 20220329143051.0 | ||
| 008 | 051129d1994 mx r 00110 spa d | ||
| 010 | _a91449 | ||
| 011 | _a92421 | ||
| 035 | _a102985 | ||
| 040 | _cCHAP | ||
| 090 | _aTesis | ||
| 100 | 0 | 0 |
_aCorona González, Jaime Antonio. _928106 |
| 245 | 1 | 0 |
_aEfecto de diferentes potenciales osmoticos y tamaño de semilla en la calidad fisiológica de simientes de cebada _c/por Jaime antonio Corona González |
| 260 |
_aChapingo, Méx. : _bEl autor, _c1994. |
||
| 300 | _a64 h. | ||
| 502 | _aTesis (Ing. Agr. Esp. en Fitotecnia) - - UACH. Departamento de Fitotecnia | ||
| 590 |
_aALEPH _b10 _c20130110 _lUCH01 _h1508 |
||
| 590 |
_aBATCH-UPD _b10 _c20130110 _lUCH01 _h1806 |
||
| 590 |
_aBATCH-UPD _b10 _c20130410 _lUCH01 _h1141 |
||
| 590 |
_aBATCH-UPD _b10 _c20130914 _lUCH01 _h0904 |
||
| 590 |
_aCONVERSION _b10 _c20130109 _lUCH01 _h1351 |
||
| 650 | 1 | 4 |
_aCebada _xSemilla. _920708 |
| 650 | 1 | 4 |
_aSemillas _xCalidad. _9103881 |
| 650 | 1 | 4 |
_aSemillas _xFisiología y morfología. _9103902 |
| 901 | _aBK | ||
| 905 | _aLilia | ||
| 942 | _cFOLL | ||
| 949 |
_aTesis _bBC _cTES _d33724000970307 _eTS2 _fc.2 _h44399 _i102985 _sb |
||
| 949 |
_aTesis _bBC _cTES _d33724000970364 _eTS1 _h44398 _i102985 _sb |
||
| 999 |
_c91449 _d91449 |
||